Truyện cổ Nhật bản
Сохранить в:
| Главный автор: | |
|---|---|
| Формат: | |
| Язык: | Undetermined |
| Опубликовано: |
Văn nghệ Tp HCM
2002
|
| Метки: |
Добавить метку
Нет меток, Требуется 1-ая метка записи!
|
| Thư viện lưu trữ: | Trung tâm Học liệu Trường Đại học Cần Thơ |
|---|
| LEADER | 00451nam a2200145Ia 4500 | ||
|---|---|---|---|
| 001 | CTU_48737 | ||
| 008 | 210402s9999 xx 000 0 und d | ||
| 082 | |a 398.20952 | ||
| 082 | |b Tr527 | ||
| 100 | |a Truyện cổ Nhật bản | ||
| 245 | 0 | |a Truyện cổ Nhật bản | |
| 245 | 0 | |c Truyện cổ Nhật bản, Văn Hòa | |
| 260 | |b Văn nghệ Tp HCM | ||
| 260 | |c 2002 | ||
| 980 | |a Trung tâm Học liệu Trường Đại học Cần Thơ | ||